Municipal year book 2004 (Record no. 103228)
[ view plain ]
| 000 -LEADER | |
|---|---|
| fixed length control field | 00303cam a2200109 4500 |
| 008 - FIXED-LENGTH DATA ELEMENTS--GENERAL INFORMATION | |
| fixed length control field | 031121n2004 000 0 eng u |
| 035 ## - SYSTEM CONTROL NUMBER | |
| System control number | (Sirsi) u124430 |
| 110 ## - MAIN ENTRY--CORPORATE NAME | |
| Corporate name or jurisdiction name as entry element | Hemming Information Services |
| 9 (RLIN) | 4202 |
| 245 ## - TITLE STATEMENT | |
| Title | Municipal year book 2004 |
| 260 ## - PUBLICATION, DISTRIBUTION, ETC. | |
| Name of publisher, distributor, etc. | Hemming Information Services |
| -- | 2004 |
| 942 ## - ADDED ENTRY ELEMENTS (KOHA) | |
| Suppress in OPAC | 0 |
No items available.